<?xml version="1.0" encoding="UTF-8"?>
<record
    xmlns:xsi="http://www.w3.org/2001/XMLSchema-instance"
    xsi:schemaLocation="http://www.loc.gov/MARC21/slim http://www.loc.gov/standards/marcxml/schema/MARC21slim.xsd"
    xmlns="http://www.loc.gov/MARC21/slim">

  <leader>00791nam a22002057a 4500</leader>
  <controlfield tag="005">20230613143444.0</controlfield>
  <controlfield tag="008">230613b           ||||| |||| 00| 0 eng d</controlfield>
  <datafield tag="040" ind1=" " ind2=" ">
    <subfield code="c">AL</subfield>
  </datafield>
  <datafield tag="041" ind1=" " ind2=" ">
    <subfield code="a">Konkani</subfield>
  </datafield>
  <datafield tag="082" ind1=" " ind2=" ">
    <subfield code="2">23</subfield>
    <subfield code="a">891.46301</subfield>
    <subfield code="b">CHIK</subfield>
  </datafield>
  <datafield tag="100" ind1=" " ind2=" ">
    <subfield code="a">Yashavanta Chittala: &#xCAF;&#xCB6;&#xCB5;&#xC82;&#xCA4; &#xC9A;&#xCBF;&#xCA4;&#xCCD;&#xCA4;&#xCBE;&#xCB2; </subfield>
    <subfield code="9">123803</subfield>
  </datafield>
  <datafield tag="245" ind1=" " ind2=" ">
    <subfield code="a">Khel ani heir katha:</subfield>
    <subfield code="b">&#xC96;&#xCC6;&#xCB3;&#xCCD;:  &#xC86;&#xCA8;&#xCC0; &#xCB9;&#xCC6;&#xCB0;&#xCCD; &#xC95;&#xCA5;&#xCBE; </subfield>
  </datafield>
  <datafield tag="260" ind1=" " ind2=" ">
    <subfield code="a">Mangaluru</subfield>
    <subfield code="b">Pragati Prakashana</subfield>
    <subfield code="c">1986</subfield>
  </datafield>
  <datafield tag="300" ind1=" " ind2=" ">
    <subfield code="a">iv,189p.</subfield>
    <subfield code="b">PB</subfield>
    <subfield code="c">18x12cm.</subfield>
  </datafield>
  <datafield tag="365" ind1=" " ind2=" ">
    <subfield code="2">Konkani</subfield>
    <subfield code="b">16.00</subfield>
    <subfield code="c">&#x20B9;</subfield>
    <subfield code="d">16.00</subfield>
  </datafield>
  <datafield tag="650" ind1=" " ind2=" ">
    <subfield code="a">Konkani Fiction: &#xC95;&#xCCA;&#xC82;&#xC95;&#xCA3;&#xCBF; &#xC95;&#xCA5;&#xCBE; </subfield>
    <subfield code="9">123795</subfield>
  </datafield>
  <datafield tag="650" ind1=" " ind2=" ">
    <subfield code="a">Konkani Literature: &#xC95;&#xCCA;&#xC82;&#xC95;&#xCA3;&#xCBF; &#xCB8;&#xCBE;&#xCB9;&#xCBF;&#xCA4;&#xCCD;&#xCAF; </subfield>
    <subfield code="9">123796</subfield>
  </datafield>
  <datafield tag="700" ind1=" " ind2=" ">
    <subfield code="a">CHITTALA (Yashavanta): &#xC9A;&#xCBF;&#xCA4;&#xCCD;&#xCA4;&#xCBE;&#xCB2; (&#xCAF;&#xCB6;&#xCB5;&#xC82;&#xCA4;)</subfield>
    <subfield code="9">123797</subfield>
  </datafield>
  <datafield tag="942" ind1=" " ind2=" ">
    <subfield code="2">ddc</subfield>
    <subfield code="c">DB</subfield>
  </datafield>
  <datafield tag="999" ind1=" " ind2=" ">
    <subfield code="c">227514</subfield>
    <subfield code="d">227514</subfield>
  </datafield>
  <datafield tag="952" ind1=" " ind2=" ">
    <subfield code="0">0</subfield>
    <subfield code="1">0</subfield>
    <subfield code="2">ddc</subfield>
    <subfield code="4">0</subfield>
    <subfield code="7">0</subfield>
    <subfield code="8">KON</subfield>
    <subfield code="a">AL</subfield>
    <subfield code="b">AL</subfield>
    <subfield code="d">2023-06-06</subfield>
    <subfield code="l">0</subfield>
    <subfield code="o">891.46301 CHIK</subfield>
    <subfield code="p">D05692</subfield>
    <subfield code="r">2023-06-13 00:00:00</subfield>
    <subfield code="v">16.00</subfield>
    <subfield code="w">2023-06-13</subfield>
    <subfield code="y">DB</subfield>
  </datafield>
</record>
